000 01220nam a2200301 i 4500
001 bg
100 1 _aSzyperska, Barbara.
245 1 0 _aRoboty wykończeniowe :
_b[instrukcja].
_nZ. 2,
_pPosadzki z drewna i materiałów drewnopochodnych /
_c[aut. Barbara Szyperska] ; Instytut Techniki Budowlanej.
260 _aWarszawa :
_bInstytut Techniki Budowlanej,
_c2006.
300 _a25, [1] s. ;
_c24 cm.
490 1 _aInstrukcje. Wytyczne. Poradniki / Instytut Techniki Budowlanej ;
_aWarunki techniczne wykonania i odbioru robót budowlanych ;
_v423/2006
_vCz. B
490 1 _aWarunki techniczne wykonania i odbioru robót budowlanych ;
_vCz. B
650 9 _aPosadzka
650 9 _aPodłoga
_xmateriały
650 9 _aDrewno
_xstosowanie
_xbudownictwo
655 _aInstrukcje
830 _aInstrukcje. Wytyczne. Poradniki - Instytut Techniki Budowlanej ;
_v423/2006
830 _aWarunki techniczne wykonania i odbioru robót budowlanych ;
020 _a8373706607 (całość)
020 _a8324904492 (z. 2)
040 _cBPK
041 0 _apol
080 _a692.5(083.1)
920 _a83-7370-660-7 (całość)
920 _a83-249-0449-2 (z. 2)
942 _cKS
008 s pl f |000 0 pol
999 _c52260
_d52260
856 _uhttp://koha.tu.koszalin.pl/cgi-bin/koha/opac-detail.pl?biblionumber=52260
_yKatalog online BPK